|
|
|
|
| LEADER |
00867nam a2200277 a 4500 |
| 001 |
3761 |
| 003 |
BD-DhAAL |
| 005 |
20150907120123.0 |
| 008 |
150907s1994 nyu 001 0 eng |
| 010 |
|
|
|a 96100633
|
| 020 |
|
|
|a 0070490376
|
| 040 |
|
|
|a DLC
|c DLC
|d BD-DhAAL
|
| 050 |
0 |
0 |
|a QA76.9.D3
|b D38554 1994
|
| 082 |
0 |
0 |
|a 005.75/65
|2 20
|
| 245 |
0 |
0 |
|a dBase 5.0 for Windows.
|
| 260 |
|
|
|a USA
|b McGraw-Hill,
|c c1995.
|
| 300 |
|
|
|a BD176
|c 28 cm. +
|
| 500 |
|
|
|a "42-404-S3."
|
| 500 |
|
|
|a Includes index.
|
| 541 |
|
|
|e 3761
|
| 630 |
0 |
0 |
|a dBase for Windows.
|9 14421
|
| 650 |
|
0 |
|a Database management.
|9 1388
|
| 710 |
2 |
|
|a Logical Operations Inc.
|9 14422
|
| 942 |
|
|
|2 ddc
|c BK
|
| 999 |
|
|
|c 35447
|d 35447
|
| 952 |
|
|
|0 0
|1 0
|2 ddc
|4 0
|6 005_750000000000000_65_DBA
|7 0
|9 55742
|a SCL
|b SCL
|c GEN
|d 2015-09-07
|e Gift: The Asia Foundation
|l 0
|o 005.7565 DBA
|p 3020003761
|r 2015-09-07
|t 1
|w 2015-09-07
|y BK
|